A Survey of Mathematics with Apllications (Record no. 11434)

000 -LEADER
fixed length control field 00568nam a22001937a 4500
008 - FIXED-LENGTH DATA ELEMENTS--GENERAL INFORMATION
fixed length control field 160708b xxu||||| |||| 00| 0 eng d
020 ## - INTERNATIONAL STANDARD BOOK NUMBER
International Standard Book Number 0321112504
050 ## - LIBRARY OF CONGRESS CALL NUMBER
Classification number QA 39.3 .A54 2004
100 ## - MAIN ENTRY--PERSONAL NAME
Personal name Allen R. Angel
Dates associated with a name 2004
245 ## - TITLE STATEMENT
Title A Survey of Mathematics with Apllications
250 ## - EDITION STATEMENT
Edition statement 7th ed.
260 ## - PUBLICATION, DISTRIBUTION, ETC. (IMPRINT)
Place of publication, distribution, etc. Boston
Name of publisher, distributor, etc. Pearson
Date of publication, distribution, etc. 2004
300 ## - PHYSICAL DESCRIPTION
Extent xx 825[83]p;ill.
Other physical details Includes index
650 ## - SUBJECT ADDED ENTRY--TOPICAL TERM
Topical term or geographic name as entry element Mathematics
700 ## - ADDED ENTRY--PERSONAL NAME
Personal name Allen R. Angel
700 ## - ADDED ENTRY--PERSONAL NAME
Personal name Christine D. Abbott
700 ## - ADDED ENTRY--PERSONAL NAME
Personal name Dennis C. Runde
942 ## - ADDED ENTRY ELEMENTS (KOHA)
Source of classification or shelving scheme
Koha item type Hard Covered Materials
Classification part QA 39.3 .A54 2004
Holdings
Withdrawn status Lost status Source of classification or shelving scheme Damaged status Not for loan Home library Current library Shelving location Date acquired Source of acquisition Total Checkouts Full call number Barcode Date last seen Price effective from Koha item type
          MACHAKOS UNIVERSITY LIBRARY MACHAKOS UNIVERSITY LIBRARY Open shelf 08/07/2016 Donation (BFA)   QA 39.3 .A54 2004 20997 04/06/2019 08/07/2016 Hard Covered Materials
© Machakos University Library, Along The Highway, Machakos Wote Rd, Machakos, Kenya P.O. Box 136 - 90100 Machakos - Kenya

Tel: ( +254 ) 723 805829 OR Fax : 044-20353 OR Email: library@mksu.ac.ke